00326nam a2200121 4500020001800000082001500018100002200033245003500055250000900090260005000099300001300149650004200162 a9788120338364 a363.73 NAT aJerry A.Nathanson aBasic Environmental Technology a5Th  aNew DelhibPHI Learning Private Limitedc2009 a531bIll aEnvironmentaEnvironmental Technology